Statistics for Kid's Movie General Knowledge #1

Click here to take the quiz!

General Stats

  • This quiz has been taken 145 times
  • The average score is 9 of 15

Answer Stats

HintAnswer% Correct
True or false: Lilo and Stitch had a Disney Channel show?True
87%
True or False: John Goodman voiced Baloo in the Jungle Book 2?True
87%
True or False: Riahanna played Nala in the live-action Lion King?False
83%
What movie company made Coco?Pixar
83%
What is Monsters University a prequel to?Monsters, Inc.
82%
What famous comedian played Donkey in Shrek?Eddie Murphy
79%
When did the first Harry Potter movie come out?2001
71%
What year did Minions come out?2015
70%
Who played the twins in The Parent Trap from 1998?Lindsay Lohan
68%
What movie starring Danny Devito was based off of a Roald Dahl bool?Matilda
61%
Who played Buzz Lightyear in Toy Story?Tim Allen
50%
Who directed Spider-Man?Sam Raimi
38%
Who played Obi-Wan Kenobi originally?Alec Guinness
37%
What school is from High School Musical?East High
34%
What 2006 film starred Elijah Wood and Robin Williams?Happy Feet
18%

Score Distribution

Percentile by Number Answered

Percent of People with Each Score

Your Score History

You have not taken this quiz